Top 20 countries with the best potential for investments in tourism (2017/18) - Statistics

General Stats
  • This quiz has been taken 107 times
  • The average score is 6 of 18
Answer Stats
Rank Answer % Correct
1 Thailand
65%
4 Greece
55%
7 Croatia
51%
17 Malta
44%
13 Cyprus
42%
18 Seychelles
42%
2 Maldives
41%
14 Jamaica
39%
8 Panama
37%
19 Dominica
35%
6 Dominican Republic
31%
5 Montenegro
29%
11 Cape Verde
25%
12 Antigua and Barbuda
24%
10 Saint Lucia
24%
20 Belize
22%
9 Georgia
16%
16 Luxembourg
8%
No matching quizzes found
Score Distribution
Percent of People with Each Score
Percentile by Number Answered
Your Score History
You have not taken this quiz